Kỹ thuật số thực hành

שמור ב:
מידע ביבליוגרפי
מחבר ראשי: Huỳnh, Đắc Thắng
פורמט: ספר
שפה:Undetermined
יצא לאור: Hà Nội Khoa học và Kỹ thuật 2006
נושאים:
תגים: הוספת תג
אין תגיות, היה/י הראשונ/ה לתייג את הרשומה!
Thư viện lưu trữ: Trung tâm Học liệu Trường Đại học Cần Thơ
LEADER 00590nam a2200193Ia 4500
001 CTU_120247
008 210402s9999 xx 000 0 und d
020 |c 43000 
082 |a 621.381 
082 |b Th116 
100 |a Huỳnh, Đắc Thắng 
245 0 |a Kỹ thuật số thực hành 
245 0 |c Huỳnh Đắc Thắng 
260 |a Hà Nội 
260 |b Khoa học và Kỹ thuật 
260 |c 2006 
650 |a Electronic curcuits,Digital electronics.,Integrated circuits. 
904 |i Minh 
980 |a Trung tâm Học liệu Trường Đại học Cần Thơ